书目信息 |
| 题名: |
动物X线实用技术与读片指南
|
|
| 作者: | 李树忠 编著 | |
| 分册: | ||
| 出版信息: | 北京 中国林业出版社 2009 |
|
| 页数: | 16,196页 | |
| 开本: | 26cm | |
| 丛书名: | 现代动物园科学管理丛书 | |
| 单 册: | ||
| 中图分类: | S854.7 | |
| 科图分类: | ||
| 主题词: | 动物疾病--X射线诊断--研究 , 动物疾病 , X射线诊断 | |
| 电子资源: | ||
| ISBN: | 978-7-5038-5517-7 | |
| 000 | 00907nam0 2200265 450 | |
| 001 | 2353724199 | |
| 005 | 20231215161754.40 | |
| 010 | @a978-7-5038-5517-7@dCNY 85.00 | |
| 100 | @a20100204d2009 em y0chiy0120 ea | |
| 101 | 0 | @achi |
| 102 | @aCN@b110000 | |
| 105 | @aa z 000yy | |
| 200 | 1 | @a动物X线实用技术与读片指南@f李树忠编著@Adong wu X xian shi yong ji shu yu du pian zhi nan |
| 210 | @a北京@c中国林业出版社@d2009 | |
| 215 | @a16,196页@c图@d26cm | |
| 225 | 1 | @a现代动物园科学管理丛书@i动物临床影像诊断技术 |
| 308 | @a丛书第二辑 | |
| 330 | @a本书通过动物X线图片介绍动物X线技术相关知识。内容包括X线成像,动物X线实用技术、骨骼、关节、软组织疾病,呼吸循环系统疾病等。 | |
| 606 | 0 | @a动物疾病@xX射线诊断@x研究 |
| 606 | 0 | @a动物疾病 |
| 606 | 0 | @aX射线诊断 |
| 690 | @aS854.7@v5 | |
| 701 | 0 | @a李树忠@f(1935~)@4编著@Ali shu zhong |
| 801 | 2 | @aCN@b辽宁北配@c20231205 |
| 905 | @aZUCC@dS854.7@e13 | |
| 动物X线实用技术与读片指南/李树忠编著.-北京:中国林业出版社,2009 |
| 16,196页:图;26cm.-(现代动物园科学管理丛书.动物临床影像诊断技术) |
| ISBN 978-7-5038-5517-7:CNY 85.00 |
| 本书通过动物X线图片介绍动物X线技术相关知识。内容包括X线成像,动物X线实用技术、骨骼、关节、软组织疾病,呼吸循环系统疾病等。 |
| ● |
| 相关链接 |
|
|
|
正题名:动物X线实用技术与读片指南
索取号:S854.7/13
 
预约/预借
| 序号 | 登录号 | 条形码 | 馆藏地/架位号 | 状态 | 备注 |
| 1 | 2001204697 | 2001204697 | 320书库/ [索取号:S854.7/13] | 在馆 | |
| 2 | 2001204698 | 2001204698 | 320书库/ [索取号:S854.7/13] | 在馆 | |
| 3 | 2001204699 | 2001204699 | 320书库/ [索取号:S854.7/13] | 在馆 | |
| 4 | 2001204700 | 2001204700 | 320书库/ [索取号:S854.7/13] | 在馆 | |
| 5 | 2001204701 | 2001204701 | 320书库/ [索取号:S854.7/13] | 在馆 | |
| 6 | 2001204702 | 2001204702 | 320书库/ [索取号:S854.7/13] | 在馆 | |
| 7 | 2001204703 | 2001204703 | 320书库/ [索取号:S854.7/13] | 在馆 | |
| 8 | 2001204704 | 2001204704 | 320书库/ [索取号:S854.7/13] | 在馆 | |
| 9 | 2001204705 | 2001204705 | 214主题书屋/214室1架2层3列/ [索取号:S854.7/13] | 在馆 | |
| 10 | 2001204706 | 2001204706 | 214主题书屋/214室1架2层3列/ [索取号:S854.7/13] | 在馆 | |
| 11 | 2001204707 | 2001204707 | 214主题书屋/214室1架2层3列/ [索取号:S854.7/13] | 在馆 | |
| 12 | 2001204708 | 2001204708 | 214主题书屋/214室1架2层3列/ [索取号:S854.7/13] | 在馆 | |
| 13 | 2001204709 | 2001204709 | 214主题书屋/214室1架2层3列/ [索取号:S854.7/13] | 在馆 | |
| 14 | 2001204710 | 2001204710 | 214主题书屋/214室1架2层3列/ [索取号:S854.7/13] | 在馆 | |
| 15 | 2001204711 | 2001204711 | 320书库/ [索取号:S854.7/13] | 在馆 | |
| 16 | 2001204712 | 2001204712 | 320书库/ [索取号:S854.7/13] | 在馆 | |
| 17 | 2001204713 | 2001204713 | 320书库/ [索取号:S854.7/13] | 在馆 | |
| 18 | 2001204714 | 2001204714 | 320书库/ [索取号:S854.7/13] | 在馆 | |
| 19 | 2001204715 | 2001204715 | 320书库/ [索取号:S854.7/13] | 在馆 | |
| 20 | 2001204716 | 2001204716 | 320书库/ [索取号:S854.7/13] | 在馆 | |
| 21 | 2001204717 | 2001204717 | 320书库/ [索取号:S854.7/13] | 在馆 | |
| 22 | 2001204718 | 2001204718 | 320书库/ [索取号:S854.7/13] | 在馆 | |
| 23 | 2001204719 | 2001204719 | 320书库/ [索取号:S854.7/13] | 在馆 | |
| 24 | 2001204720 | 2001204720 | 320书库/ [索取号:S854.7/13] | 在馆 | |
| 25 | 2001204721 | 2001204721 | 320书库/ [索取号:S854.7/13] | 在馆 | |
| 26 | 2001204722 | 2001204722 | 320书库/ [索取号:S854.7/13] | 在馆 | |
| 27 | 2001204723 | 2001204723 | 320书库/ [索取号:S854.7/13] | 在馆 | |
| 28 | 2001204724 | 2001204724 | 320书库/ [索取号:S854.7/13] | 在馆 | |
| 29 | 2001204725 | 2001204725 | 320书库/ [索取号:S854.7/13] | 在馆 | |
| 30 | 2001204726 | 2001204726 | 320书库/ [索取号:S854.7/13] | 在馆 |